Mot mystérieux - Série 21 - Statistiques

Statistiques générales
  • Ce quiz a été pris 206 fois
  • Le résultat moyen est 9 sur 10
Statistiques - réponses
Indices Mot % Correct
Sang - Chine - Seiche - Tatouage Encre
98%
Primaire - Commerce - Roi - Buissonnière Ecole
97%
Récréation - Miracles - Cassation - Ferme Cour
96%
Bataille - Troie - Vapeur - Fer Cheval
94%
Heure - Indien - Tube - Vacances Eté
89%
Barreau - Bascule - Electrique - Longue Chaise
85%
Miroir - Fraise - Iceberg - Parfait Glace
85%
Peau - Lait - Enragée - Folle Vache
83%
Virgule - Jour - Vue - Mire Point
81%
Soldat - Chape - Aile - Fil Plomb
65%
Aucun quiz correspondant
Distribution des résultats
% des personnes avec chaque résultat
Percentile par nombre de réponses
Votre historique - résultats
Vous n’avez pas pris ce quiz